000 00633nam a2200241Ia 4500
003 OSt
005 20221005070043.0
006 a|||||r|||| 00| 0
007 ta
008 221004b |||||||| |||| 00| 0 guj d
024 _a40692
037 _cTextual
040 _aCRL
_cCRL
_bguj
041 _2guj
_aguj
082 _aO156,3NME4,2, K4.1
100 _aMehta
_9100223
245 0 _aJivanin sargam
260 _aMumbai
_bNavbharat sahitya mandir India
_c1970
300 _a312p.
_ccm.
650 _aGUJRATI LITERATURE
942 _hO156,3NME4,2, K4.1
_cTEXL
_2cc
999 _c975590
_d975590